Clinical nursing skills : (Record no. 391)
[ view plain ]
| 000 -LEADER | |
|---|---|
| fixed length control field | 01761cam a22002174a 4500 |
| 020 ## - INTERNATIONAL STANDARD BOOK NUMBER | |
| ISBN | 0132243555 |
| 020 ## - INTERNATIONAL STANDARD BOOK NUMBER | |
| ISBN | 9780132243551 |
| 050 00 - CALL NUMBER | |
| Classification number | RT41 |
| Item number | .Sm4 |
| 100 1# - AUTHOR | |
| Personal name | Smith, Sandra Fucci. |
| 245 10 - TITLE | |
| Title | Clinical nursing skills : |
| Remainder of title | basic to advanced skills / |
| Statement of responsibility, etc | Sandra F. Smith, Donna J. Duell, Barbara C. Martin. |
| 250 ## - EDITION | |
| Edition statement | 7th ed. |
| 260 ## - PUBLICATION INFORMATION | |
| Place of publication | Upper Saddle River, N.J. : |
| Name of publisher | Pearson Prentice Hall, |
| Year of publication | c2008. |
| 300 ## - DESCRIPTION | |
| Number of Pages | lvi, 1457 p. : |
| Other physical details | ill. (chiefly col.) ; |
| Dimensions | 28 cm. + |
| Accompanying material | 1 CD-ROM (4 3/4 in.) |
| 505 0# - FORMATTED CONTENTS NOTE | |
| Table of Content | Professional nursing - Nursing process and critical thinking -- Managing client care: documentation and delegation -- Communication and nurse-client relationship -- Administation, transfer, and discharge -- Client education and discharge planning -- Safe client environment and restraints -- Bathing, bedmaking, and maintaining skin integrity -- Personal hygiene -- Vital signs -- Physical assessment -- Body mechanics and positioning -- Exercise and ambulation -- Infection control -- Disaster preparedness; bioterrorism -- Pain management -- Alternative therapies and stress management -- Medication administration -- Nutrition management and NG intubation -- Speciment collection -- Diagnostic procedures -- Urinary elimination -- Bowel elimination -- Heat and cold therapies -- Wound care and dressings -- Respiratory care -- Circulatory maintenance -- Intravenous therapy -- Central vascular access devices -- Orthopedic intervention -- Postoperative care -- End-of-life care -- Advanced nursing skills -- Community-based nursing -- Appendix: Answers and rationales to review questions. |
| 650 #0 - SUBJECTS | |
| Topical Term | Nursing. |
| 650 12 - SUBJECTS | |
| Topical Term | Nursing Care. |
| 650 22 - SUBJECTS | |
| Topical Term | Nursing Process. |
| 700 1# - OTHER AUTHORS | |
| Personal name | Duell, Donna, |
| 700 1# - OTHER AUTHORS | |
| Personal name | Martin, Barbara, |
| 942 ## - ADDED ENTRY ELEMENTS (KOHA) | |
| Koha item type | Books |
| Withdrawn status | Lost status | Home library | Current library | Shelving location | Date acquired | Full call number | Accession Number | Koha item type |
|---|---|---|---|---|---|---|---|---|
| Methodist University Library Wenchi Nursing | Methodist University Library Wenchi Nursing | General Stacks | 21/10/2017 | RT41 .Sm4 | 2756 | Books |